Specification For Bamboo Supports For Camouflaging Equipment (Record no. 2159)

MARC details
000 -LEADER
fixed length control field 00297nam a22001217a 4500
020 ## - INTERNATIONAL STANDARD BOOK NUMBER
International Standard Book Number IS :10145
041 ## - LANGUAGE CODE
Language code of text/sound track or separate title ENG
245 ## - TITLE STATEMENT
Title Specification For Bamboo Supports For Camouflaging Equipment
260 ## - PUBLICATION, DISTRIBUTION, ETC. (IMPRINT)
Place of publication, distribution, etc New Delhi
Name of publisher, distributor, etc BIS
Date of publication, distribution, etc 1982
300 ## - PHYSICAL DESCRIPTION
Extent 07
650 ## - SUBJECT ADDED ENTRY--TOPICAL TERM
Topical term or geographic name as entry element BIS Tist Code
856 ## - ELECTRONIC LOCATION AND ACCESS
Uniform Resource Identifier BIS Tist Code
Holdings
Withdrawn status Lost status Source of classification or shelving scheme Damaged status Not for loan Home library Current library Shelving location Date acquired Cost, normal purchase price Total Checkouts Barcode Date last seen Price effective from Koha item type
    Dewey Decimal Classification     College of Agricultural Engineering and Technology, Dapoli , Library College of Agricultural Engineering and Technology, Dapoli , Library Book Cart 11/10/2021 90.00   005039 11/10/2021 11/10/2021 Books

Contact Us: College of Agricultural Engineering and Technology, Dapoli, Dist.- Ratnagiri
Website: https://dbskkv.org Email: caetlibrary2015@gmail.com